Countries with Direct Flights to Los Angeles (LAX) - Statistics

General Stats
  • This quiz has been taken 157 times
    36 since last reset
  • The average score is 37 of 40
Answers on the Map
Answers color-coded by a green-red scale on the quiz's map according to % correct below.
 
Answer Stats
Answer % Correct
Australia
100%
Brazil
100%
Canada
100%
China
100%
France
100%
Germany
100%
Italy
100%
Mexico
100%
New Zealand
100%
Spain
100%
Turkey
100%
United Kingdom
100%
Ireland
97%
Japan
97%
Netherlands
97%
Panama
97%
Peru
97%
Portugal
97%
South Korea
97%
Costa Rica
94%
Poland
94%
Qatar
94%
Switzerland
94%
United Arab Emirates
94%
United States
94%
Austria
91%
Chile
91%
Guatemala
91%
Philippines
91%
Singapore
91%
Taiwan
91%
Egypt
85%
Saudi Arabia
82%
Belize
79%
Denmark
79%
Finland
79%
Israel
79%
Morocco
79%
Fiji
76%
El Salvador
70%
No matching quizzes found
Score Distribution
Percent of People with Each Score
Percentile by Number Answered
Your Score History
You have not taken this quiz since the last reset